000
00223 a2200097 4500
001
16665
100
_a
Talor John W.R
245
_a
Combat aircraft of the world
260
_a
New York
_b
G.P Putnam
_c
090
_c
12565
_d
12565
942
_a
NUST-CAE
_c
M
_c
2853
999
_c
251738
_d
251738